Matrix and digital computer methods in structural analysis (Record no. 69239)

000 -LEADER
fixed length control field 00451nam a22001697a 4500
003 - CONTROL NUMBER IDENTIFIER
control field NUST - PNEC
005 - DATE AND TIME OF LATEST TRANSACTION
control field 20170116181114.0
008 - FIXED-LENGTH DATA ELEMENTS--GENERAL INFORMATION
fixed length control field 151004b xxu||||| |||| 00| 0 eng d
020 ## - INTERNATIONAL STANDARD BOOK NUMBER
International Standard Book Number -
040 ## - CATALOGING SOURCE
Transcribing agency LIBRARY
082 ## - DEWEY DECIMAL CLASSIFICATION NUMBER
Classification number 624.171 JEN
100 ## - MAIN ENTRY--PERSONAL NAME
9 (RLIN) 13077
Personal name Jenkins, W. M.
245 ## - TITLE STATEMENT
Title Matrix and digital computer methods in structural analysis
Statement of responsibility, etc. W. M. Jenkins
260 ## - PUBLICATION, DISTRIBUTION, ETC.
Date of publication, distribution, etc. c.1969
650 ## - SUBJECT ADDED ENTRY--TOPICAL TERM
9 (RLIN) 13081
Topical term or geographic name entry element Structure analysis
General subdivision MIS
942 ## - ADDED ENTRY ELEMENTS (KOHA)
Source of classification or shelving scheme
Koha item type Book
Holdings
Withdrawn status Lost status Source of classification or shelving scheme Damaged status Not for loan Permanent Location Current Location Shelving location Date acquired Total Checkouts Full call number Barcode Date last seen Price effective from Koha item type
          Pakistan Navy Engineering College (PNEC) Pakistan Navy Engineering College (PNEC)       624.171 JEN PNECLIB-004165 10/04/2015   Book
© 2023 Central Library, National University of Sciences and Technology. All Rights Reserved.